| 000 | 00875nam a22002177a 4500 | ||
|---|---|---|---|
| 999 |
_c8448 _d8448 |
||
| 003 | AR-CdUCM | ||
| 008 | 190325b ||||| |||| 00| 0 spa d | ||
| 040 |
_aMUNICIPALIDAD PROVINCIAL DEL CUSCO _cBIBLIOTECA MUNICIPAL DEL CUSCO |
||
| 082 |
_a985.03 / _bM26 |
||
| 100 |
_aMartínez Cereceda, José Luis _923711 |
||
| 245 | _aAutoridades en Los Andes, Los Atributos del Señor / | ||
| 260 |
_aPerú : _bFondo Editorial de la Pontificia Universidad Universidad Católica del Perú ; _c1995. |
||
| 300 |
_a256 páginas ; _c21cm |
||
| 505 | _aContenido: Los emblemas y sus contextos -- Nuevamente los rituales -- El ritual de investidura -- El ritual de desplazamiento -- Leyendo los emblemas... | ||
| 650 |
_aIncas _9303 |
||
| 650 |
_aRituales _96673 |
||
| 650 |
_aReligión inca _923712 |
||
| 710 |
_aPUCP - Fondo Editorial _923713 |
||
| 942 |
_2ddc _cLIBROS |
||
| 945 | _anom | ||